| 000 | 00475nam a22001577a 4500 | ||
|---|---|---|---|
| 003 | SISC | ||
| 005 | 20170113133959.0 | ||
| 008 | 170113b xxu||||| |||| 00| 0 eng d | ||
| 020 | _a9789710576458 | ||
| 050 |
_aHN 90 _b.V943 2014 |
||
| 245 | _aVolunteer manager's handbook / | ||
| 260 |
_aPasig City : _bLocal Government Agency (LGA), _c2014. |
||
| 300 |
_a149 pages : _bcolor illustrations ; _c23 cm. |
||
| 650 | _aVoluntarism --Philippines -- Management. | ||
| 942 |
_2lcc _cBK |
||
| 999 |
_c305384 _d305384 |
||